000 01003nam a2200325 4500
999 _c23330
_d23330
001 vtls011888859
005 20221003074532.0
008 190923s2019 xo g 000 f slo c
020 _a9788081641916
_q(viazané)
040 _aPPPK
_bslo
_cPPPK
_erda
041 0 _aslo
044 _axo
_cSK
072 7 _a821.162.4-3
_xSlovenská próza
_2konspekt
080 _a821.162.4-31
_22011
080 _a(0:82-312.4)
_22011
100 1 _aOndriová, Ivana,
_d1981-
_4aut
_93347
245 1 0 _aTu si v (ne)bezpečí
_cIvana Ondriová
250 _aVydanie prvé
264 1 _a[Bratislava]
_bMotýľ
_c2019
300 _a293 strán
_c21 cm
336 _atext
_btxt
_2rdacontent
337 _abez média
_bn
_2rdamedia
338 _azväzok
_bnc
_2rdacarrier
500 _aMiesto vydania podľa NA ISBN
655 7 _aslovenské romány
_2SNKPH
_91694
655 7 _atrilery (romány)
_2SNKPH
_92135
655 7 _aSlovak fiction
_2SNKPHeng
_91695
655 7 _aThrillers (novels)
_2SNKPHeng
_91722
958 _aLX